Estudio de impacto ambiental, proyecto Campo Deportivo Mantagua

שמור ב:
מידע ביבליוגרפי
מחבר תאגידי: Andalué Ambiental Limitada (Author)
פורמט: ספר
שפה:ספרדית
יצא לאור: Santiago Andalué Ambiental Limitada 2003
נושאים:
תגים: הוספת תג
אין תגיות, היה/י הראשונ/ה לתייג את הרשומה!

MARC

LEADER 00000nam a2200000 a 4500
001 UCJ0157
003 CL-VaPUC
008 060707e20030600CL |||||||||||||||||spa|d
082 0 4 |a 363.731  |b AND  |2 21 
110 2 |a Andalué Ambiental Limitada  |e author  |9 500182 
245 1 0 |a Estudio de impacto ambiental, proyecto Campo Deportivo Mantagua 
300 |a Pág. irreg 
942 |c BK 
945 |d 20060707 00:00:00  |a cmena 
260 |a Santiago  |b Andalué Ambiental Limitada  |c 2003 
600 0 7 |a FUNDACION THE MACKAY SCHOOL  |2 CL-VaPUC  |9 500183 
650 0 |a Impacto ambiental  |9 262796 
650 0 |a Protección del medio ambiente  |9 257626 
650 0 |a Proyectos de inversión   |9 261065 
650 7 |a INSTALACIONES DEPORTIVAS  |2 CL-VaPUC  |9 500184 
650 0 |a Centros deportivos   |9 341519 
650 0 |a Medidas de seguridad  |9 264085 
651 0 |a Mantagua  |9 500185 
651 0 |a Región 05  |9 267528 
583 |a last modification  |c 20060707 00:00:00  |k Rodrigo Vera 
999 |c 317085  |d 317083 
952 |0 0  |1 0  |4 0  |6 363_731000000000000_AND_2003  |7 0  |8 P  |9 392843  |a BIBING  |b BIBING  |d 2019-11-22  |i 4239121  |o 363.731 AND 2003  |p 4239121  |r 2025-01-20  |w 2019-11-22  |y BK  |k CCL